000 00248nam a2200109Ia 4500
008 220216s9999 xx 000 0 und d
100 _aSreekumar B
245 0 _aNadeelinu thayyaredukkam
260 _bRubber
_c2016
300 _a12-Oct
942 _cJS
999 _c63374
_d63374